000 005400000a22001690004500
003 MACL
005 20160218112353.0
008 160218b xxu||||| |||| 00| 0 eng d
040 _aMACL
_cMACL
041 _aHindi
082 _a370
100 _aश्रीवास्‍तव हिमांशु
_9572
245 _aचिन्‍ता त्‍याग स्‍वस्‍थ बन
260 _bहिन्‍दी सेवा सदन
_c1985
_aमथुरा
650 _aEducation
_938783
942 _cHIN
_k370
_2ddc
999 _c28348
_d28348